Etats US où se déroulent les séries TV - Statistiques

Statistiques générales
  • Ce quiz a été pris 65 fois
  • Le résultat moyen est 6 sur 20
Statistiques - réponses
Série TV L'Etat US où se déroule principalement l'histoire % Correct
Dallas Texas
78%
Friends New York
75%
Grey's Anatomy Washington
43%
Breaking Bad Nouveau Mexique
40%
Dexter Floride
35%
The Walking Dead (saison 1) Georgie
30%
Buffy contre les Vampires Californie
27%
Magnum Hawai
25%
Strangers Things Indiana
23%
Les Frères Scott Caroline du Nord
22%
La petite Maison dans la Prairie Minnesota
22%
The Office Pennsylvanie
22%
Dr Quinn Femme Médecin Colorado
20%
Urgences Illinois
18%
Smallville Kansas
18%
Dr House New Jersey
13%
Under The Dome Maine
12%
Ally Mc Beal Massachusetts
12%
Bates Motel Oregon
8%
Les Feux de l'Amour Wisconsin
7%
Aucun quiz correspondant
Distribution des résultats
% des personnes avec chaque résultat
Percentile par nombre de réponses
Votre historique - résultats
Vous n’avez pas pris ce quiz